Γρήγορα μαθήματα στην ελληνική Microsoft Access 2000

Αποθηκεύτηκε σε:
Λεπτομέρειες βιβλιογραφικής εγγραφής
Κύριος συγγραφέας: Cox, Joyce, 1946-
Άλλοι συγγραφείς: Dudley, Nathan, Aune, Liz, Φαλδαμής, Γιάννης Γ. (Μεταφραστής)
Μορφή: Βιβλίο
Γλώσσα:Greek
English
Δημοσίευση: Αθήνα : Κλειδάριθμος, 2002.
Σειρά:Βιβλία υπολογιστών
Θέματα:
Ετικέτες: Προσθήκη ετικέτας
Δεν υπάρχουν, Καταχωρήστε ετικέτα πρώτοι!

MARC

LEADER 00000cam a2200000 i 4500
001 1/84511
008 050831s2002 gr | ||| |||| ||gre||
020 |a 9603321567 
035 |l 10080037 
040 |a GR-MyUa  |b gre  |e AACR2 
041 1 |a gre  |h eng 
082 7 |a 005.7565   |2 (22) 
100 1 |a Cox, Joyce,   |d 1946- 
245 1 0 |a Γρήγορα μαθήματα στην ελληνική Microsoft Access 2000 /   |c Joyce Cox, Nathan Dudley and Liz Aune ; μετάφραση Γιάννης Φαλδαμής.  
260 |a Αθήνα :   |b Κλειδάριθμος,   |c 2002.  
300 |a 224 σ. :   |b εικ. ;   |c 24 εκ.  
490 1 |a (Βιβλία υπολογιστών) 
500 |a Μετάφραση του: Quick course in Microsoft Access 2000. 
500 |a Περιλαμβάνει ευρετήριο. 
630 0 0 |a Microsoft Access. 
650 0 |a Database management. 
700 1 |a Dudley, Nathan. 
700 1 |a Aune, Liz. 
700 1 |a Φαλδαμής, Γιάννης Γ.  |e trl 
830 0 |a Βιβλία υπολογιστών 
852 |a INST  |b LESVOS  |e 20050831  |h 005.7565 COX  |p 005100031884  |q 005100031884  |t BK  |y 0 
852 |a INST  |b LESVOS  |e 20110310  |h 005.7565 COX  |p 005100049387  |q 005100049387  |t BK  |y 0 
852 |a INST  |b LESVOS  |e 20110310  |h 005.7565 COX  |p 005100049388  |q 005100049388  |t BK  |y 0 
901 |a BIBL1-2005-2 
901 |a BIBL1-2011-1 
970 |a ΚΑΡΑ  |b ΓΙΑΣΕΜΗ  |z 2005/08/31